Films de Georges Lautner (par image) - Statistiques

Statistiques générales
  • Ce quiz a été pris 18 fois
  • Le résultat moyen est 6 sur 16
Statistiques - réponses
Par images Réponse % Correct
Les Tontons flingueurs
94%
Le Professionnel
88%
Le Pacha
65%
Les Barbouzes
65%
Le Guignolo
53%
Flic ou voyou
47%
Ne nous fâchons pas !
47%
L'Œil du Monocle
29%
Des Pissenlits par la racine
18%
La Grande sauterelle
18%
Laisse aller... c'est une valse
12%
Le Septième juré
12%
L'inconnu dans la maison
12%
Fleur d'oseille
6%
Galia
0%
Pas de problème !
0%
Aucun quiz correspondant
Distribution des résultats
% des personnes avec chaque résultat
Percentile par nombre de réponses
Votre historique - résultats
Vous n’avez pas pris ce quiz